00655nam a22001457a 4500003000400000082001700004100001100021245023200032260002500264300000800289650005500297942001200352952012800364999001700492SGT a617.84bC21P aPANKAJ aComparing The Effect Of Respiratory Proprioceptive Neuronuscular Facilitation Versus Segmental Breathing On Pulmonary Functions Dyspnea And Exercise Tolerance In Hospitalized Patients With Chronic Obstructive Pulmonary Disease aSGT UNIVERSITYc2021 a102 aComparing The Effect Of Respiratory Proprioceptive 2ddccTH 00102ddc40718MEDICALaFMbFMcREFd2024-05-24eMPT SCHOLARl0o617.84 C21PpDT1315r2024-05-24 00:00:00w2024-05-24yTH c26363d26363